Statistiken für Länder, die an Polen grenzen

Klicken Sie hier um das Quiz zu spielen!

Allgemein

  • Dieses Quiz wurde 108 mal gespielt
  • Das Durchschnittsergebnis liegt bei 7 aus 7

Antwortstatistiken

LängeLand% Korrekt
796Tschechien
98%
460Deutschland
97%
232Russland
94%
416Weißrussland
94%
104Litauen
93%
541Slowakei
93%
535Ukraine
89%

Verteilung der Resultate

Perzentil nach korrekt beantworteten Fragen

Anzahl Personen mit jedem Resultat

Ihre Resultats-Entwicklung

Sie haben dieses Quiz noch nicht gespielt